Một số phận vinh quang và cay đắng Chuyện về nhà nữ toán học Nga Sophia Vasylievna Kovalevskaya

Saved in:
Bibliographic Details
Main Author: Liwbov Vorolsova
Format: Book
Language:Undetermined
Published: Hà Nội Phụ nữ 1976
Subjects:
Tags: Add Tag
No Tags, Be the first to tag this record!
Institutions: Trung tâm Học liệu Trường Đại học Cần Thơ
LEADER 00629nam a2200193Ia 4500
001 CTU_10545
008 210402s9999 xx 000 0 und d
082 |a 891.73 
082 |b V954 
100 |a Liwbov Vorolsova 
245 0 |a Một số phận vinh quang và cay đắng 
245 0 |b Chuyện về nhà nữ toán học Nga Sophia Vasylievna Kovalevskaya 
245 0 |c Liwbov Vorolsova 
260 |a Hà Nội 
260 |b Phụ nữ 
260 |c 1976 
650 |a mathematicians - biography,russian literature 
904 |i Minh, 961010 
980 |a Trung tâm Học liệu Trường Đại học Cần Thơ